000 00803nam a2200301Ia 4500
001 B3333
003 IT-RoPAU
008 130308s9999 xx 000 0 und d
040 _aIT-RoPAU
040 _cIT-RoPAU
041 _aFRANCESE
100 _aDottori Riccardo
100 _gCodice Aut. SPICS: 37573
245 _aCulture et critique du siecle
245 _bHermeneutique de la Secularisation
250 _a1a ed.
260 _aPARIS
260 _bAubier Montaigne
260 _c1976 [1° Ed.:1976 - Ed.Ling.Originale:1976]
300 _a"19 p. (prefazione: no ; testo: 19 [pagine: 257-275])"
500 _aCultura e Critica del Secolo.
650 _aPASTORALE E CULTURE
650 _eCodice materia Spics: 9302
942 _cBK
957 _71
999 _c64239
_d64239
999 _bSI
999 _g1